<?xml version="1.0" encoding="UTF-8"?>
<record
    xmlns:xsi="http://www.w3.org/2001/XMLSchema-instance"
    xsi:schemaLocation="http://www.loc.gov/MARC21/slim http://www.loc.gov/standards/marcxml/schema/MARC21slim.xsd"
    xmlns="http://www.loc.gov/MARC21/slim">

  <leader>00487nam a2200157 a 4500</leader>
  <controlfield tag="001">3749</controlfield>
  <controlfield tag="003">CDMR</controlfield>
  <controlfield tag="005">20130320110015.0</controlfield>
  <controlfield tag="008">130130s1994||||||||||||||||||||||||||||d</controlfield>
  <datafield tag="040" ind1=" " ind2=" ">
    <subfield code="a">CDMR</subfield>
    <subfield code="b">cat</subfield>
    <subfield code="c">CPC LLEIDA</subfield>
  </datafield>
  <datafield tag="245" ind1="0" ind2="0">
    <subfield code="a">Viol&#xE8;ncia pol&#xED;tica i ruptura social a Espanya, 1936-1945</subfield>
    <subfield code="c">Jaume Barrull Pelegr&#xED;, coordinaci&#xF3; ... [et al.]</subfield>
  </datafield>
  <datafield tag="260" ind1=" " ind2=" ">
    <subfield code="a">Lleida</subfield>
    <subfield code="c">1994</subfield>
    <subfield code="b">Universitat de Lleida</subfield>
  </datafield>
  <datafield tag="490" ind1="0" ind2=" ">
    <subfield code="a">Espai/Temps</subfield>
    <subfield code="v">23</subfield>
  </datafield>
  <datafield tag="700" ind1="1" ind2=" ">
    <subfield code="9">501</subfield>
    <subfield code="a">Barrull Pelegr&#xED;, Jaume</subfield>
  </datafield>
  <datafield tag="942" ind1=" " ind2=" ">
    <subfield code="c">MON</subfield>
    <subfield code="2">udc</subfield>
  </datafield>
  <datafield tag="999" ind1=" " ind2=" ">
    <subfield code="c">3749</subfield>
    <subfield code="d">3749</subfield>
  </datafield>
  <datafield tag="952" ind1=" " ind2=" ">
    <subfield code="0">0</subfield>
    <subfield code="1">0</subfield>
    <subfield code="4">0</subfield>
    <subfield code="7">0</subfield>
    <subfield code="a">LLEIDA</subfield>
    <subfield code="b">LLEIDA</subfield>
    <subfield code="d">2011-08-04</subfield>
    <subfield code="l">0</subfield>
    <subfield code="o">392COL</subfield>
    <subfield code="p">LLEIDA1312613785</subfield>
    <subfield code="r">2013-01-16</subfield>
    <subfield code="w">2013-01-16</subfield>
    <subfield code="y">MON</subfield>
  </datafield>
</record>
